Normal view
MARC view
- COMPUTER AIDED MUTLIVARIATE ANALYSIS
Entry Topical Term
001 - CONTROL NUMBER
- control field: 75391
003 - CONTROL NUMBER IDENTIFIER
- control field: NUST
005 - DATE AND TIME OF LATEST TRANSACTION
- control field: 20210628205413.0
008 - FIXED-LENGTH DATA ELEMENTS
- fixed length control field: 210628|| aca||aabn | a|a d
040 ## - CATALOGING SOURCE
- Original cataloging agency: NUST
- Transcribing agency: NUST
150 ## - HEADING--TOPICAL TERM
- Topical term or geographic name entry element: COMPUTER AIDED MUTLIVARIATE ANALYSIS
670 ## - SOURCE DATA FOUND
- Source citation: Work cat.: (NUST): Clark, V Afifi, A. A 75390, Computer aided mutlivariate analysis, 1996
